[Event "The Masters Cafe "]
[Site "SchemingMind.com"]
[Date "2009.09.07"]
[Round "-"]
[White "Aadsje"]
[Black "Chess_Man01"]
[Result "0-1"]
[WhiteCountry "NED"]
[BlackCountry "GBR"]
[WhiteElo "1876"]
[WhiteRD "56"]
[BlackElo "2250"]
[BlackRD "71"]
[GameID "218889"]

1. e4 c5 2. Nf3 d6 3. d4 cxd4 4. Nxd4 Nf6 5. Nc3 a6 6. Be3 e6 7. Bd3 b5 8. O-O Bb7 9. Qe1 Ng4 10. a4 b4
11. Na2 d5 12. Qe2 Nxe3 13. fxe3 Be7 14. Qf3 O-O 15. c3 a5 16. Rad1 Na6 17. exd5 Qxd5 18. cxb4 axb4
0-1

[Event "The Masters Cafe "]
[Site "SchemingMind.com"]
[Date "2009.09.12"]
[Round "-"]
[White "Aadsje"]
[Black "mapleleaf"]
[Result "0-1"]
[WhiteCountry "NED"]
[BlackCountry "CAN"]
[WhiteElo "1876"]
[WhiteRD "56"]
[BlackElo "2075"]
[BlackRD "96"]
[GameID "218890"]

1. e4 c5 2. Nf3 d6 3. d4 cxd4 4. Nxd4 Nf6 5. Nc3 Nc6 6. Bb5 Bd7 7. O-O e5 8. Nf3 a6 9. Ba4 h6 10. Be3 Be7
0-1

[Event "The Masters Cafe "]
[Site "SchemingMind.com"]
[Date "2009.09.08"]
[Round "-"]
[White "Aadsje"]
[Black "shaykins"]
[Result "0-1"]
[WhiteCountry "NED"]
[BlackCountry "ISR"]
[WhiteElo "1876"]
[WhiteRD "56"]
[BlackElo "2308"]
[BlackRD "88"]
[GameID "218891"]

1. e4 c5 2. Nf3 d6 3. d4 cxd4 4. Nxd4 Nf6 5. Bb5+ Bd7 6. Nc3 g6 7. O-O Bg7 8. Be2 O-O 9. Be3 Nc6 10. Qd2 Nxd4
11. Bxd4 Bc6
0-1

[Event "The Masters Cafe "]
[Site "SchemingMind.com"]
[Date "2009.09.07"]
[Round "-"]
[White "Aadsje"]
[Black "Girkassa"]
[Result "0-1"]
[WhiteCountry "NED"]
[BlackCountry "NOR"]
[WhiteElo "1876"]
[WhiteRD "56"]
[BlackElo "2302"]
[BlackRD "84"]
[GameID "218892"]

1. e4 e5 2. Nf3 Nc6 3. d4 exd4 4. Nxd4 Nf6 5. Nxc6 bxc6 6. e5 Qe7 7. Qe2 Nd5 8. c4 Nb6 9. Nc3 a5 10. Qe4 g6
11. Bd3 Bg7 12. O-O O-O 13. f4 Ba6 14. Rd1 f6 15. f5 Qxe5 16. fxg6 Qxe4
0-1

[Event "The Masters Cafe "]
[Site "SchemingMind.com"]
[Date "2009.09.10"]
[Round "-"]
[White "dvaldez"]
[Black "Aadsje"]
[Result "1-0"]
[WhiteCountry "CAN"]
[BlackCountry "NED"]
[WhiteElo "1989"]
[WhiteRD "75"]
[BlackElo "1876"]
[BlackRD "56"]
[GameID "218893"]

1. e4 c5 2. Nf3 Nc6 3. d4 cxd4 4. Nxd4 e6 5. Nc3 Qc7 6. Be3 a6 7. Bd3 Nf6 8. O-O Ne5 9. h3 Bc5 10. Kh1 d6
11. f4 O-O 12. fxe5
1-0

[Event "The Masters Cafe "]
[Site "SchemingMind.com"]
[Date "2009.09.07"]
[Round "-"]
[White "joopsim"]
[Black "Aadsje"]
[Result "1-0"]
[WhiteCountry "NED"]
[BlackCountry "NED"]
[WhiteElo "2398"]
[WhiteRD "76"]
[BlackElo "2165"]
[BlackRD "69"]
[GameID "218894"]

1. e4 c5 2. Nf3 Nc6 3. d4 cxd4 4. Nxd4 e6 5. Nc3 Nf6 6. Nxc6 bxc6 7. e5 Nd5 8. Ne4 Qc7 9. f4 Qa5+ 10. Bd2 Qb6
11. Bd3 Be7 12. Qe2 Rb8 13. c4 Qxb2 14. O-O Qd4+ 15. Kh1 Nb4 16. Rab1 Rb7 17. Rxb4 Rxb4 18. Bc3 Qb6 19. Qg4 g6 20. Nd6+
1-0

[Event "The Masters Cafe "]
[Site "SchemingMind.com"]
[Date "2009.09.10"]
[Round "-"]
[White "Darko"]
[Black "Aadsje"]
[Result "1-0"]
[WhiteCountry "ROU"]
[BlackCountry "NED"]
[WhiteElo "2087"]
[WhiteRD "70"]
[BlackElo "1833"]
[BlackRD "60"]
[GameID "218895"]

1. e4 c5 2. Nf3 d6 3. d4 cxd4 4. Nxd4 Nf6 5. Nc3 a6 6. Be3 e5 7. Nb3 Nc6 8. f3 Be6 9. Nd5 Bxd5 10. exd5 Ne7
11. c4 g6 12. Bd3 Bg7 13. O-O O-O 14. Qd2 b5 15. Nc1
1-0

[Event "The Masters Cafe "]
[Site "SchemingMind.com"]
[Date "2009.09.07"]
[Round "-"]
[White "Chess_Man01"]
[Black "Aadsje"]
[Result "1-0"]
[WhiteCountry "GBR"]
[BlackCountry "NED"]
[WhiteElo "2250"]
[WhiteRD "71"]
[BlackElo "1876"]
[BlackRD "56"]
[GameID "218897"]

1. e4 c5 2. b4 cxb4 3. a3 d5 4. exd5 Qxd5 5. Nf3 e5 6. axb4 Bxb4 7. c3 Bc5 8. Na3 Nf6 9. Nb5 O-O 10. Be2 e4
11. Nc7 Bxf2+ 12. Kf1 Qc5 13. Nxa8 exf3 14. Bxf3 Bh4 15. d4 Qxc3 16. Ra3 Qc4+ 17. Kg1
1-0

[Event "The Masters Cafe "]
[Site "SchemingMind.com"]
[Date "2009.09.10"]
[Round "-"]
[White "shaykins"]
[Black "Aadsje"]
[Result "1-0"]
[WhiteCountry "ISR"]
[BlackCountry "NED"]
[WhiteElo "2308"]
[WhiteRD "88"]
[BlackElo "1876"]
[BlackRD "56"]
[GameID "218899"]

1. e4 c5 2. Nf3 Nc6 3. d4 cxd4 4. Nxd4 e6 5. Nc3 Qc7 6. Be3 a6 7. Be2 Nf6 8. O-O Bb4 9. Nxc6 bxc6 10. Qd4 c5
11. Qc4
1-0

[Event "The Masters Cafe "]
[Site "SchemingMind.com"]
[Date "2009.09.07"]
[Round "-"]
[White "Girkassa"]
[Black "Aadsje"]
[Result "1-0"]
[WhiteCountry "NOR"]
[BlackCountry "NED"]
[WhiteElo "2302"]
[WhiteRD "84"]
[BlackElo "1876"]
[BlackRD "56"]
[GameID "218900"]

1. e4 e6 2. d4 d5 3. Nc3 Nf6 4. Bg5 dxe4 5. Nxe4 Be7 6. Bxf6 Bxf6 7. Nf3 Nd7 8. Qd2 O-O 9. O-O-O b6 10. Bd3 Bb7
11. Qf4 Be7 12. h4 Nf6 13. Neg5 Qd7 14. Ne5 Qd6 15. Rh3 h6 16. g4 Qd5 17. c4
1-0

[Event "The Masters Cafe "]
[Site "SchemingMind.com"]
[Date "2009.09.13"]
[Round "-"]
[White "tabanli"]
[Black "dvaldez"]
[Result "1-0"]
[WhiteCountry "USA"]
[BlackCountry "CAN"]
[WhiteElo "2053"]
[WhiteRD "84"]
[BlackElo "1909"]
[BlackRD "75"]
[GameID "219012"]

1. d4 Nf6 2. c4 c5 3. d5 e6 4. Nc3 exd5 5. cxd5 d6 6. Nf3 g6 7. Nd2 Bg7 8. Nc4 O-O 9. Bf4 Ne8 10. e3 a6
11. a4 b6 12. Be2 Qc7 13. O-O Bb7 14. h4 Nd7 15. h5 Ne5 16. Qd2 h6 17. hxg6 Nxg6 18. Bg3 Rd8 19. e4 Kh7 20. Ne3 Rg8
21. f4 Bd4 22. Kh2 Qe7 23. Bd3 Nf6 24. Nf5 Qf8 25. Nxd4 cxd4 26. Ne2 Qg7 27. Rh1 Nh5 28. Raf1 Ne5 29. fxe5 Nxg3 30. Nxg3 Qxg3+
31. Kg1 Qe3+ 32. Qxe3 dxe3 33. Rxf7+ Rg7 34. Rf6 Rg6 35. Rf7+ Rg7 36. Rf6 Rg6 37. Rxg6 Kxg6 38. exd6 Kg5 39. Kf1 Rxd6 40. Ke2 Kf4
41. Rf1+ Kg3 42. Rf7 Bc8 43. Kxe3 Kxg2 44. Rg7+ Kh3 45. Rc7 Bd7 46. e5 Rxd5 47. Rxd7 Rxe5+ 48. Kf4 Ra5 49. Be4 Rxa4 50. Rd1
1-0

[Event "The Masters Cafe "]
[Site "SchemingMind.com"]
[Date "2009.09.08"]
[Round "-"]
[White "tabanli"]
[Black "joopsim"]
[Result "0-1"]
[WhiteCountry "USA"]
[BlackCountry "NED"]
[WhiteElo "2033"]
[WhiteRD "95"]
[BlackElo "2393"]
[BlackRD "78"]
[GameID "219013"]

1. d4 d5 2. c4 c6 3. Nf3 Nf6 4. Nc3 e6 5. Bg5 h6 6. Bh4 dxc4 7. e4 g5 8. Bg3 b5 9. Be2 Nh5 10. O-O Nxg3
11. fxg3 Bg7 12. e5 O-O 13. a4 Nd7 14. axb5 cxb5 15. Nxb5 Qb6 16. Bxc4 Nxe5 17. Nxe5 Bxe5 18. Kh1 Bg7 19. d5 a6 20. dxe6 Bxe6
21. Bxe6 fxe6 22. Rxf8+ Rxf8
0-1

[Event "The Masters Cafe "]
[Site "SchemingMind.com"]
[Date "2009.09.13"]
[Round "-"]
[White "tabanli"]
[Black "Darko"]
[Result "1-0"]
[WhiteCountry "USA"]
[BlackCountry "ROU"]
[WhiteElo "2047"]
[WhiteRD "82"]
[BlackElo "2053"]
[BlackRD "70"]
[GameID "219014"]

1. d4 d5 2. c4 c6 3. Nf3 Nf6 4. Nc3 e6 5. Bg5 h6 6. Bh4 dxc4 7. e4 g5 8. Bg3 b5 9. Be2 Bb7 10. h4 g4
11. Ne5 Rg8 12. Nxg4 Nxg4 13. Bxg4 b4 14. Na4 c5 15. Bxe6 Qxd4 16. Qxd4 cxd4 17. Bxc4 Bxe4 18. O-O-O Bxg2 19. Rhe1+ Kd7 20. Rxd4+ Kc6
21. Bxf7 Rg7 22. Be6 a5 23. Re2 Na6 24. Rc2+ Kb7 25. Bc4 Re8 26. Kd2 h5 27. Bb5 Ra8 28. Be5 Rf7 29. f4 Nc7 30. Bc4 Rh7
31. Bd3 Re7 32. Nc5+ Ka7 33. Ne4 Ne6 34. Rd5 Rd8 35. Rxa5+ Kb6 36. Rb5+ Ka7 37. Ra5+ Kb6 38. Ra6+ Kb7 39. Nd6+
1-0

[Event "The Masters Cafe "]
[Site "SchemingMind.com"]
[Date "2009.09.13"]
[Round "-"]
[White "tabanli"]
[Black "mi_di"]
[Result "1/2-1/2"]
[WhiteCountry "USA"]
[BlackCountry "MEX"]
[WhiteElo "2047"]
[WhiteRD "82"]
[BlackElo "2244"]
[BlackRD "74"]
[GameID "219015"]

1. d4 d5 2. c4 c6 3. Nf3 Nf6 4. Nc3 a6 5. e3 g6 6. Bd3 Bg7 7. h3 O-O 8. O-O b5 9. b3 Nbd7 10. Qe2= Bb7
11. Rd1 Re8 12. Bb2 Rc8 13. Rd2 Qc7 14. Rad1 e5 15. dxe5 Nxe5 16. Nxe5 Rxe5 17. cxd5 cxd5 18. Qf1 Qd6 19. Ne2 Ree8 20. a3 Ne4
21. Bxe4 Rxe4 22. Bxg7 Kxg7 23. b4 Rec4 24. Nd4 Rc3 25. Rd3 Qe5 26. Nb3 Rxd3 27. Rxd3 Rc2 28. Nc5 Bc8 29. Rd4 Rc3 30. Qa1 Rc4=
1/2-1/2

[Event "The Masters Cafe "]
[Site "SchemingMind.com"]
[Date "2009.09.09"]
[Round "-"]
[White "tabanli"]
[Black "Chess_Man01"]
[Result "0-1"]
[WhiteCountry "USA"]
[BlackCountry "GBR"]
[WhiteElo "2018"]
[WhiteRD "89"]
[BlackElo "2314"]
[BlackRD "68"]
[GameID "219016"]

1. d4 Nf6 2. c4 e6 3. Nc3 Bb4 4. Qc2 O-O 5. a3 Bxc3+ 6. Qxc3 b6 7. Nf3 Bb7 8. e3 d6 9. Be2 Nbd7 10. O-O Ne4
11. Qc2 f5 12. Nd2 Qg5 13. d5 exd5 14. cxd5 Bxd5 15. Bc4 Bxc4 16. Qxc4+ Kh8 17. Qxc7 Ndc5 18. Qc6 Qf6 19. Rb1 Qe6 20. b4 Rac8
0-1

[Event "The Masters Cafe "]
[Site "SchemingMind.com"]
[Date "2009.09.10"]
[Round "-"]
[White "tabanli"]
[Black "Aadsje"]
[Result "1-0"]
[WhiteCountry "USA"]
[BlackCountry "NED"]
[WhiteElo "2018"]
[WhiteRD "89"]
[BlackElo "1833"]
[BlackRD "60"]
[GameID "219017"]

1. d4 Nf6 2. c4 e6 3. Nc3 Bb4 4. Qc2 d5 5. a3 Bxc3+ 6. Qxc3 Ne4 7. Qc2 O-O 8. Nf3 Qd6 9. g3 f6 10. cxd5 exd5
11. Bf4 Qc6 12. Qxc6 Nxc6 13. Bxc7 g5 14. Rd1 Rf7 15. Bf4
1-0

[Event "The Masters Cafe "]
[Site "SchemingMind.com"]
[Date "2009.09.13"]
[Round "-"]
[White "tabanli"]
[Black "mapleleaf"]
[Result "1/2-1/2"]
[WhiteCountry "USA"]
[BlackCountry "CAN"]
[WhiteElo "2047"]
[WhiteRD "82"]
[BlackElo "2018"]
[BlackRD "89"]
[GameID "219018"]

1. d4 Nf6 2. c4 g6 3. Nc3 Bg7 4. Nf3 d6 5. e3 O-O 6. Be2 Nbd7 7. O-O e5 8. b4 Re8 9. a4 e4 10. Nd2 Nf8
11. a5 a6 12. b5 h5 13. Nd5 Bf5 14. bxa6 Rxa6 15. Nxf6+ Qxf6 16. Rb1 Ra7 17. Re1 h4 18. h3 Qe7 19. Nb3 Bd7 20. Bd2 f5
21. c5 d5 22. a6 bxa6 23. Na5 f4 24. c6 Bf5 25. exf4 Bxd4 26. Be3 Bxe3 27. fxe3 Qc5 28. Qd2 Be6 29. Rec1 Qd6 30. Nb7 Qe7
31. Nc5 a5 32. Rb7 Rea8 33. Bd1 a4 34. Rxa7 Rxa7 35. Bxa4 Bf7 36. Bb3=
1/2-1/2

[Event "The Masters Cafe "]
[Site "SchemingMind.com"]
[Date "2009.09.09"]
[Round "-"]
[White "tabanli"]
[Black "shaykins"]
[Result "0-1"]
[WhiteCountry "USA"]
[BlackCountry "ISR"]
[WhiteElo "2018"]
[WhiteRD "89"]
[BlackElo "2294"]
[BlackRD "79"]
[GameID "219019"]

1. c4 c6 2. e4 d5 3. exd5 cxd5 4. cxd5 Nf6 5. Qa4+ Bd7 6. Qb3 Qc7 7. Nc3 e5 8. dxe6 Bxe6 9. Qa4+ Nc6 10. d4 Bb4
11. Nf3 O-O-O 12. Be3 Nxd4 13. Bxd4 Rxd4 14. Qc2 Re4+ 15. Kd1 Rd8+ 16. Kc1 Bxc3 17. bxc3 Bf5
0-1

[Event "The Masters Cafe "]
[Site "SchemingMind.com"]
[Date "2009.09.08"]
[Round "-"]
[White "tabanli"]
[Black "Girkassa"]
[Result "0-1"]
[WhiteCountry "USA"]
[BlackCountry "NOR"]
[WhiteElo "2053"]
[WhiteRD "84"]
[BlackElo "2221"]
[BlackRD "80"]
[GameID "219020"]

1. d4 Nf6 2. c4 e6 3. Nc3 Bb4 4. Qc2 O-O 5. a3 Bxc3+ 6. Qxc3 b6 7. Nf3 Bb7 8. e3 d6 9. Be2 Nbd7 10. O-O Ne4
11. Qc2 f5 12. b4 Rf6 13. d5 exd5 14. Bb2 Rg6 15. cxd5 Bxd5 16. Bc4 Bxc4 17. Qxc4+ Kh8 18. Qf7 c5 19. Qxf5 Qe7 20. Rad1 Rf8
21. Qh3 Qf7 22. Nh4 Rh6 23. f3 Nef6 24. Rxd6 Qb3 25. Ba1 Qxe3+ 26. Kh1 Qf4 27. Rxd7 Rxh4 28. Bxf6 Rxh3 29. Bxg7+ Kg8 30. gxh3 Re8
31. Ba1 Re2 32. Rg7+ Kf8 33. Rg2 Rxg2 34. Kxg2 cxb4 35. axb4 Qxb4 36. f4 Qe4+ 37. Kg3 Qf5 38. Be5 a5 39. Rc1 a4 40. Rc6 Qd3+
41. Kh4 b5 42. Rd6 Qe4 43. Rd4 Qe1+ 44. Kg4 Qg1+ 45. Kh4 a3 46. Rd8+ Ke7 47. Rb8 Qe1+ 48. Kg5 b4
0-1

[Event "The Masters Cafe "]
[Site "SchemingMind.com"]
[Date "2009.09.13"]
[Round "-"]
[White "dvaldez"]
[Black "tabanli"]
[Result "0-1"]
[WhiteCountry "CAN"]
[BlackCountry "USA"]
[WhiteElo "1928"]
[WhiteRD "71"]
[BlackElo "2047"]
[BlackRD "82"]
[GameID "219021"]

1. e4 e6 2. d4 d5 3. Nd2 Nc6 4. Ngf3 Nf6 5. e5 Nd7 6. Nb3 a5 7. a4 b6 8. Bb5 Ncb8 9. Qe2 Ba6 10. O-O c6
11. Bd3 Bxd3 12. Qxd3 Be7 13. c4 Na6 14. cxd5 Nb4 15. Qe2 cxd5 16. Bd2 O-O 17. Bxb4 Bxb4 18. Rac1 Rc8 19. Qe3 Nb8 20. Rxc8 Qxc8
21. Rc1 Qd7 22. Ng5 h6 23. Nh3 Qxa4 24. Rc7 Nc6 25. g4 Nxd4 26. Nxd4 Qd1+ 27. Kg2 Qxg4+ 28. Kf1 Qd1+ 29. Kg2 Qg4+ 30. Kf1 Bc5
31. Rxc5 bxc5 32. Nc6 d4 33. Qa3 c4 34. Nxa5 d3
0-1

[Event "The Masters Cafe "]
[Site "SchemingMind.com"]
[Date "2009.09.08"]
[Round "-"]
[White "joopsim"]
[Black "tabanli"]
[Result "1-0"]
[WhiteCountry "NED"]
[BlackCountry "USA"]
[WhiteElo "2393"]
[WhiteRD "78"]
[BlackElo "2033"]
[BlackRD "95"]
[GameID "219022"]

1. e4 e5 2. Nf3 Nc6 3. Bb5 a6 4. Ba4 Nf6 5. O-O Be7 6. Re1 b5 7. Bb3 O-O 8. c3 d5 9. exd5 Nxd5 10. Nxe5 Nxe5
11. Rxe5 c6 12. d3 Bd6 13. Re1 Bf5 14. Qf3 Qh4 15. g3 Qh3 16. Bxd5 cxd5 17. Bg5 h6 18. Qxd5 hxg5 19. Qxd6 Rad8 20. Qxa6 Bxd3
21. Nd2 Rd5 22. Nf3 g4 23. Nh4 Rh5 24. Qd6 Bc4 25. Rad1 g5 26. Re5 f6 27. b3 Rh7 28. bxc4 gxh4 29. Qe6+ Kh8 30. Rd8
1-0

[Event "The Masters Cafe "]
[Site "SchemingMind.com"]
[Date "2009.09.13"]
[Round "-"]
[White "Darko"]
[Black "tabanli"]
[Result "1/2-1/2"]
[WhiteCountry "ROU"]
[BlackCountry "USA"]
[WhiteElo "2053"]
[WhiteRD "70"]
[BlackElo "2047"]
[BlackRD "82"]
[GameID "219023"]

1. e4 e6 2. d4 d5 3. Nc3 Bb4 4. e5 Ne7 5. a3 Bxc3+ 6. bxc3 c5 7. Qg4 O-O 8. Bd3 f5 9. exf6 Rxf6 10. Bg5 Rf7
11. Qh5 g6 12. Qd1 Nbc6 13. Nf3 Qa5 14. Bd2 c4 15. Be2 Bd7 16. O-O Re8 17. Ng5 Rg7 18. f4 Nf5= 19. Qe1 Nce7 20. Nf3 Nd6
21. Ne5 Ba4 22. Ra2 Ne4 23. Bf3 Nxd2 24. Qxd2 Nc6 25. Ng4 Rf8 26. Re1 Re7 27. Raa1 Qc7 28. Ne5 Nxe5 29. fxe5 Ref7 30. Rf1 Qe7
31. Be2 Rxf1+ 32. Bxf1 Kg7=
1/2-1/2

[Event "The Masters Cafe "]
[Site "SchemingMind.com"]
[Date "2009.09.13"]
[Round "-"]
[White "mi_di"]
[Black "tabanli"]
[Result "1-0"]
[WhiteCountry "MEX"]
[BlackCountry "USA"]
[WhiteElo "2244"]
[WhiteRD "74"]
[BlackElo "2047"]
[BlackRD "82"]
[GameID "219024"]

1. e4 e6 2. d4 d5 3. Nc3 Bb4 4. e5 Ne7 5. a3 Bxc3+ 6. bxc3 c5 7. Qg4 O-O 8. Bd3 f5 9. exf6 Rxf6 10. Bg5 Rf7
11. Qh5 g6 12. Qd1 Nbc6= 13. Nf3 Qa5 14. Bd2 c4 15. Be2 Bd7 16. h4 Qc7 17. h5 e5 18. Ng5 Rf6 19. hxg6 hxg6 20. g4 e4
21. Be3 Nd8 22. Kd2 Nf7 23. Qf1
1-0

[Event "The Masters Cafe "]
[Site "SchemingMind.com"]
[Date "2009.09.09"]
[Round "-"]
[White "Chess_Man01"]
[Black "tabanli"]
[Result "1/2-1/2"]
[WhiteCountry "GBR"]
[BlackCountry "USA"]
[WhiteElo "2163"]
[WhiteRD "76"]
[BlackElo "2040"]
[BlackRD "93"]
[GameID "219025"]

1. e4 e5 2. Nf3 Nc6 3. d4 exd4 4. Nxd4 Bc5 5. Nxc6 Qf6 6. Qd2 dxc6 7. Nc3 Bd4 8. Bd3 Ne7 9. O-O Ng6 10. Kh1 Ne5
11. f4 Ng4 12. Qe1 Nxh2 13. Kxh2 Qh6+=
1/2-1/2

[Event "The Masters Cafe "]
[Site "SchemingMind.com"]
[Date "2009.09.10"]
[Round "-"]
[White "Aadsje"]
[Black "tabanli"]
[Result "0-1"]
[WhiteCountry "NED"]
[BlackCountry "USA"]
[WhiteElo "1833"]
[WhiteRD "60"]
[BlackElo "2018"]
[BlackRD "89"]
[GameID "219026"]

1. e4 e6 2. d4 d5 3. Nc3 Bb4 4. e5 c5 5. a3 Bxc3+ 6. bxc3 Ne7 7. Nf3 Bd7 8. a4 Nbc6 9. Bd3 c4 10. Be2 Qa5
11. O-O Qxc3 12. Bd2 Qb2 13. Rb1 Qa3 14. Rxb7 Qxa4 15. Qb1 a6
0-1

[Event "The Masters Cafe "]
[Site "SchemingMind.com"]
[Date "2009.09.13"]
[Round "-"]
[White "mapleleaf"]
[Black "tabanli"]
[Result "0-1"]
[WhiteCountry "CAN"]
[BlackCountry "USA"]
[WhiteElo "1989"]
[WhiteRD "95"]
[BlackElo "2065"]
[BlackRD "87"]
[GameID "219027"]

1. e4 e6 2. d4 d5 3. Nc3 Bb4 4. e5 c5 5. a3 Bxc3+ 6. bxc3 Ne7 7. Qg4 O-O 8. Bd3 f5 9. exf6 Rxf6 10. Bg5 Rf7
11. Qh4 h6 12. Nf3 c4 13. Bxe7 Qxe7 14. Bg6 Rf6 15. O-O Nc6 16. Bh5 Bd7 17. Rfe1 Be8 18. Bg4 Bg6 19. Ne5 Re8 20. Nxc6 bxc6
21. Re2 Kh7 22. a4 Rb8 23. f4 Qf8 24. Bh5 Be4 25. Rf1 Rb2 26. Rfe1 Rxc2 27. Rxc2 Bxc2 28. g3 c5 29. Qg4 Bf5 30. Qd1 Bd3
31. Be2 Bxe2 32. Rxe2 cxd4 33. Qxd4 Qa3 34. Re5 Qxa4 35. f5 Qa1+ 36. Kg2 Rxf5 37. Rxf5 exf5 38. Qxd5 Qb2+ 39. Kg1 Qb1+ 40. Kf2 Qe4
41. Qa5 h5 42. h3 h4 43. gxh4 Qxh4+ 44. Kg2 Qe4+ 45. Kf2 f4 46. Qxa7 Qc2+ 47. Kf3 Qxc3+ 48. Kxf4 Qxh3 49. Qc5 c3 50. Ke4 Qg2+
51. Kf4 Qh2+ 52. Kg5 Qg3+ 53. Kf5 Qg6+ 54. Kf4 c2 55. Kf3 Qd3+ 56. Kg2 Qd2+ 57. Kg3 c1=Q 58. Qf5+ Kh6 59. Qe6+ g6
0-1

[Event "The Masters Cafe "]
[Site "SchemingMind.com"]
[Date "2009.09.09"]
[Round "-"]
[White "shaykins"]
[Black "tabanli"]
[Result "1-0"]
[WhiteCountry "ISR"]
[BlackCountry "USA"]
[WhiteElo "2294"]
[WhiteRD "79"]
[BlackElo "2018"]
[BlackRD "89"]
[GameID "219028"]

1. e4 e5 2. Nf3 Nc6 3. Bb5 a6 4. Ba4 Nf6 5. O-O b5 6. Bb3 Be7 7. d3 d6 8. a4 Bg4 9. Be3 O-O 10. h3 Bxf3
11. Qxf3 Nd4 12. Bxd4 exd4 13. c3 dxc3 14. Nxc3 c6 15. d4 b4 16. Nd1 Nd7 17. Ne3 Bf6 18. Rfd1 c5 19. e5 dxe5 20. dxc5 Qc8
21. Nd5 Qxc5 22. Rac1 Qa5 23. Rc7 Nc5 24. Rxf7 Nxb3 25. Nxf6+ Kxf7 26. Rd7+ Ke6 27. Qg4+ Kxf6 28. Rd6+
1-0

[Event "The Masters Cafe "]
[Site "SchemingMind.com"]
[Date "2009.09.08"]
[Round "-"]
[White "Girkassa"]
[Black "tabanli"]
[Result "1-0"]
[WhiteCountry "NOR"]
[BlackCountry "USA"]
[WhiteElo "2253"]
[WhiteRD "82"]
[BlackElo "2047"]
[BlackRD "82"]
[GameID "219029"]

1. e4 e6 2. d4 d5 3. Nc3 Bb4 4. e5 c5 5. Bd2 Ne7 6. Nb5 Bxd2+ 7. Qxd2 O-O 8. dxc5 Nd7 9. Qc3 b6 10. c6 Nc5
11. Nf3 Ne4 12. c7 Qd7 13. Qa3 Bb7 14. Bd3 a6 15. Nd6 Qxc7 16. O-O Ng6 17. Nxb7 Qxb7 18. Rae1 Nc5 19. Bxg6 fxg6 20. Nd4 Rae8
21. f3 g5 22. Qe3 h6 23. b4 Nd7 24. b5 a5 25. f4 gxf4 26. Rxf4 Rxf4 27. Qxf4 Qc7 28. Rf1 Nc5 29. Nc6
1-0